Phil Mulloy : extreme animation
24 ταινίες κινουμένων σχεδίων του Phil Mulloy. Πνευματώδεις και καυστικές φανταστικές ιστορίες. Σχεδιασμένες με πινέλο και μελάνι ασκούν κριτική για την ανθρωπινη φύση και τις σύγχρονες αξίες....
Αποθηκεύτηκε σε:
| Άλλοι συγγραφείς: | |
|---|---|
| Μορφή: | |
| Γλώσσα: | English |
| Δημοσίευση: |
London :
British Film Institute,
c2002
|
| Θέματα: | |
| Ετικέτες: |
Προσθήκη ετικέτας
Δεν υπάρχουν, Καταχωρήστε ετικέτα πρώτοι!
|
MARC
| LEADER | 00000cgm a2200000 i 4500 | ||
|---|---|---|---|
| 001 | 1/100236 | ||
| 008 | 090116s2002 ||| g eng | ||
| 035 | |l 10102777 | ||
| 040 | |a GR-MY-UA |b gre |e aacr | ||
| 041 | 0 | |a eng | |
| 082 | 0 | |a 791.4334 |2 (22) | |
| 245 | 1 | 0 | |a Phil Mulloy : |h [μαγνητοσκόπηση] |b extreme animation |
| 246 | 3 | 3 | |a Phil Mulloy |
| 260 | |a London : |b British Film Institute, |c c2002 | ||
| 300 | |a 1 βιντεοδίσκος (153 λεπτ.); |b ομίλ., ασπρόμ. & έγχρ.; |c 4 3/4 ίν. | ||
| 500 | |a Στα αγγλικά | ||
| 505 | 0 | |a Cowboys (1991)The history of the World (19940The Ten Commandments (1994-1996)Intolerance (2000-2001)More films 91992-1998) | |
| 520 | |a 24 ταινίες κινουμένων σχεδίων του Phil Mulloy. Πνευματώδεις και καυστικές φανταστικές ιστορίες. Σχεδιασμένες με πινέλο και μελάνι ασκούν κριτική για την ανθρωπινη φύση και τις σύγχρονες αξίες. | ||
| 521 | |a Ακατάλληλο κάτω των 18 ετών | ||
| 600 | 1 | 0 | |a Mulloy Phil. |
| 650 | 0 | 0 | |a Animated films. |
| 700 | 1 | |a Mulloy, Phil, |e drt | |
| 852 | |a INST |b SYROS |c AV |e 20090116 |h 791.4334 MUL |p 005500008767 |q 005500008767 |t DVD |y 23 | ||
| 901 | |a BIBL5-2008-1 | ||
| 909 | |a Ε |b 129781 | ||
| 920 | |a ΑΝΑΜΟΡΦΩΣΗ |b ΕΠΕΑΕΚ ΙΙ-ΤΜΣΠΣ |y ΣΥΡΟΣ |z 2006-06 | ||
| 970 | |a ΚΟΝΤΟΥ |b ΠΑΡΑΣΚΕΥΗ |z 2009/01/16 | ||